[Event "ICS rated blitz match"]
[Site "204.178.125.65"]
[Date "2000.08.28"]
[Round "?"]
[White "Hossa"]
[Black "PostModernist"]
[Result "1-0"]
[WhiteElo "2495"]
[BlackElo "2687"]
[PlyCount "99"]
[EventDate "2000.??.??"]

1. e4 c6 2. Nc3 g6 3. d3 Bg7 4. Nf3 d5 5. Bf4 d4 6. Ne2 e5 7. Bg3 Qb6 8. b3 Bg4
9. h3 Bxf3 10. gxf3 Nd7 11. f4 O-O-O 12. Bg2 h5 13. fxe5 Bxe5 14. Bxe5 Nxe5 15.
Qd2 Ne7 16. f4 Nd7 17. b4 Rhe8 18. a4 Nb8 19. a5 Qb5 20. O-O f6 21. h4 Na6 22.
Rab1 f5 23. e5 Nc7 24. Rfd1 Ne6 25. c4 dxc3 26. Nxc3 Qa6 27. Rbc1 Kb8 28. Ra1
Rd7 29. Qe3 Red8 30. Bf1 Rd4 31. b5 cxb5 32. Ne2 Ra4 33. Rxa4 bxa4 34. Qd2 Nc6
35. d4 Qxa5 36. Qxa5 Nxa5 37. d5 Nc7 38. Nc3 a3 39. d6 Ne6 40. Nd5 Nb3 41. Bc4
Ned4 42. Nc3 Nf3+ 43. Kf2 Na5 44. e6 Nxh4 45. e7 Nc6 46. Bb5 Nxe7 47. dxe7 Rxd1
48. e8=Q+ Kc7 49. Nxd1 a6 50. Qe7+ 1-0

[Event "ICS rated blitz match"]
[Site "204.178.125.65"]
[Date "2000.08.28"]
[Round "?"]
[White "PostModernist"]
[Black "Hossa"]
[Result "1/2-1/2"]
[WhiteElo "2663"]
[BlackElo "2519"]
[PlyCount "325"]
[EventDate "2000.??.??"]

1. d4 d5 2. Nf3 e6 3. c4 Nf6 4. Nc3 Bb4 5. g3 dxc4 6. Bg2 c5 7. O-O cxd4 8.
Qa4+ Nbd7 9. Qxb4 dxc3 10. Qxc3 Nb6 11. Nd2 O-O 12. Nxc4 Nfd5 13. Qd4 Nxc4 14.
Qxc4 Bd7 15. Bxd5 exd5 16. Qxd5 Bh3 17. Qxd8 Rfxd8 18. Re1 Rac8 19. Be3 Rc2 20.
Bxa7 Rxb2 21. Be3 Rc2 22. a4 f6 23. Rac1 Ra2 24. a5 Rd7 25. Bb6 Re7 26. e4 Rd2
27. Bc5 Re8 28. Rc4 Rc8 29. Be3 Rxc4 30. Bxd2 Rc2 31. Be3 Ra2 32. Bb6 Rb2 33.
Rc1 Re2 34. f3 Rg2+ 35. Kh1 Rd2 36. Rg1 h5 37. g4 hxg4 38. fxg4 Re2 39. Rg3
Re1+ 40. Bg1 Bf1 41. g5 fxg5 42. Bf2 Rxe4 43. Rxg5 Ra4 44. h4 Be2 45. Kg2 Rf4
46. Bg3 Rf1 47. h5 Rf7 48. Kh3 Rd7 49. Be5 Kf8 50. Kh4 Bd3 51. Rg4 Bf5 52. Rg1
Rf7 53. Rg3 Rd7 54. Rf3 Rf7 55. Kg5 Be6 56. Re3 Rd7 57. Rg3 Rd1 58. Kg6 Bf7+
59. Kh7 Bxh5 60. Bxg7+ Kf7 61. Rg5 Rh1 62. Rf5+ Ke6 63. Rf6+ Ke7 64. Kg8 Rg1
65. Rf5 Be8 66. Re5+ Kd7 67. Rb5 Kc7 68. Rd5 Bc6 69. Rh5 Kd6 70. Kf7 Bd5+ 71.
Kf6 Kc6 72. Bh6 Ra1 73. Bd2 Ra2 74. Rh2 Ra3 75. Rh6 Kc5 76. Rh4 Rd3 77. Bb4+
Kb5 78. Kf5 Bc4 79. Be1 Rd1 80. Bc3 Rc1 81. Bd2 Rf1+ 82. Ke4 Rf2 83. Bc3 Rf7
84. Rh6 Re7+ 85. Kd4 Rd7+ 86. Ke5 Ka4 87. Rh1 Kb3 88. Rc1 Bd3 89. Bd4 Kb4 90.
Bb6 Rf7 91. Kd6 Bc4 92. Bc5+ Kb5 93. Bd4 Rh7 94. Bb6 Kb4 95. Be3 Bd3 96. Bd2+
Ka4 97. Bc3 Kb5 98. Ke5 Rh8 99. Bd2 Re8+ 100. Kd6 Ka6 101. Rc5 b6 102. Rc6 Rb8
103. Ke5 Kb5 104. Rd6 Bc4 105. axb6 Rxb6 106. Rd8 Re6+ 107. Kd4 Be2 108. Bf4
Bf3 109. Rb8+ Rb6 110. Re8 Rc6 111. Re5+ Ka4 112. Re1 Bd1 113. Rxd1 Rf6 114.
Be5 Rb6 115. Ra1+ Kb5 116. Kd5 Rg6 117. Rb1+ Ka5 118. Bd6 Rg5+ 119. Kc6 Rg4
120. Rb3 Rc4+ 121. Bc5 Re4 122. Rc3 Re6+ 123. Bd6 Re4 124. Rc5+ Ka4 125. Rb5
Rc4+ 126. Bc5 Re4 127. Rb1 Re6+ 128. Bd6 Re4 129. Rb7 Rc4+ 130. Bc5 Rc3 131.
Rb8 Rc2 132. Rb1 Ra2 133. Rb4+ Ka3 134. Rb7+ Ka4 135. Rb6 Ka5 136. Rb4 Rc2 137.
Re4 Rb2 138. Re3 Ra2 139. Re4 Rb2 140. Rc4 Rb8 141. Rc1 Rc8+ 142. Kd5 Rd8+ 143.
Kc4 Ka6 144. Rb1 Rd2 145. Rb3 Rc2+ 146. Kd5 Ka5 147. Kc6 Rc4 148. Rf3 Rg4 149.
Rc3 Rg6+ 150. Bd6 Rg4 151. Rh3 Rc4+ 152. Bc5 Rf4 153. Rg3 Rc4 154. Re3 Rf4 155.
Rh3 Rc4 156. Rg3 Re4 157. Rg8 Ka4 158. Rb8 Re6+ 159. Bd6 Re4 160. Rb1 Rc4+ 161.
Bc5 Ka5 162. Re1 Ka4 163. Kd5 1/2-1/2

[Event "ICS rated standard match"]
[Site "204.178.125.65"]
[Date "2000.08.28"]
[Round "?"]
[White "Hossa"]
[Black "MissSilicon"]
[Result "1/2-1/2"]
[WhiteElo "2253"]
[BlackElo "2497"]
[PlyCount "237"]
[EventDate "2000.??.??"]

1. e4 e6 2. d4 d5 3. Nd2 c5 4. exd5 exd5 5. Ngf3 Nc6 6. Bb5 Bd6 7. dxc5 Bxc5 8.
Nb3 Nge7 9. O-O Bb6 10. Re1 O-O 11. c3 Re8 12. Bd3 Bf5 13. Bxf5 Nxf5 14. Rxe8+
Qxe8 15. Bf4 Qe4 16. Qd2 Qa4 17. Bg5 Nfe7 18. Nbd4 f6 19. b3 Qa3 20. Bf4 Ng6
21. Ne6 Nxf4 22. Nxf4 Rd8 23. Ne6 Rd7 24. Re1 Qd6 25. Qc2 Re7 26. Qf5 h6 27.
Nf4 Rxe1+ 28. Nxe1 d4 29. cxd4 Nxd4 30. Qc8+ Kh7 31. Nfd3 Bc7 32. g3 Qc6 33. b4
Ne2+ 34. Kf1 Nc3 35. Kg1 Nxa2 36. b5 Qd6 37. Qxb7 Nc3 38. Qxa7 Nxb5 39. Qe3 Qd4
40. Qe2 Nd6 41. Nc2 Qb6 42. Ndb4 Qb7 43. Qe7 Nc4 44. Ne3 Nxe3 45. fxe3 Qf3 46.
Qxc7 Qxe3+ 47. Kf1 Qf3+ 48. Kg1 Qd1+ 49. Kg2 Qd2+ 50. Kf3 Qxb4 51. Qc2+ Kg8 52.
h4 Qb5 53. Kf2 Kf7 54. Qc7+ Kg6 55. g4 h5 56. Qc2+ f5 57. gxh5+ Kxh5 58. Qd1+
Kxh4 59. Qd4+ Kh5 60. Qxg7 Qc5+ 61. Kf3 Qd5+ 62. Kg3 Qd3+ 63. Kf2 Qd2+ 64. Kf3
Qd1+ 65. Kf2 Qc2+ 66. Kg3 Qb3+ 67. Kf4 Qc4+ 68. Kxf5 Qc2+ 69. Kf6 Qb2+ 70. Kf7
Qa2+ 71. Kf8 Qa8+ 72. Ke7 Qa7+ 73. Kf6 Qd4+ 74. Kf7 Qc4+ 75. Kf8 Qc8+ 76. Ke7
Qc7+ 77. Kf6 Qc3+ 78. Kf7 Qb3+ 79. Kf8 Qb5 80. Qh7+ Kg5 81. Qh3 Qc5+ 82. Kg8
Qd5+ 83. Kh8 Qe5+ 84. Kg8 Qe8+ 85. Kh7 Qf7+ 86. Kh8 Qf8+ 87. Kh7 Qe7+ 88. Kh8
Qd8+ 89. Kg7 Qc7+ 90. Kh8 Qb8+ 91. Kg7 Qb2+ 92. Kh7 Qb1+ 93. Kh8 Qa1+ 94. Kg8
Qa2+ 95. Kh8 Qf2 96. Qh1 Qf8+ 97. Kh7 Qf7+ 98. Kh8 Qe8+ 99. Kg7 Qd7+ 100. Kh8
Qd8+ 101. Kg7 Qc7+ 102. Kh8 Qe5+ 103. Kg8 Qe6+ 104. Kh8 Qc8+ 105. Kg7 Qc3+ 106.
Kh7 Qd3+ 107. Kh8 Qd4+ 108. Kg8 Qg4 109. Qf1 Qg3 110. Qa1 Qb3+ 111. Kh8 Qh3+
112. Kg8 Qe6+ 113. Kh8 Qe8+ 114. Kg7 Qd7+ 115. Kh8 Qd8+ 116. Kg7 Qc7+ 117. Kh8
Qc8+ 118. Kg7 Qb7+ 119. Kh8 1/2-1/2

[Event "ICS rated blitz match"]
[Site "204.178.125.65"]
[Date "2000.08.28"]
[Round "?"]
[White "Hossa"]
[Black "PostModernist"]
[Result "0-1"]
[WhiteElo "2525"]
[BlackElo "2657"]
[PlyCount "116"]
[EventDate "2000.??.??"]

1. e4 e5 2. Bc4 f6 3. Nc3 Ne7 4. Nf3 Nbc6 5. d4 exd4 6. Nxd4 Nxd4 7. Qxd4 Nc6
8. Qd5 Ne5 9. Bb3 c6 10. Qd4 d6 11. O-O Qb6 12. Qxb6 axb6 13. Bf4 Be7 14. f3 b5
15. Rfd1 g5 16. Bg3 h5 17. a4 bxa4 18. Nxa4 h4 19. Bf2 Nd7 20. Nb6 Nxb6 21.
Bxb6 Rxa1 22. Rxa1 Bd8 23. Bf2 Ke7 24. h3 Bc7 25. Ra8 Rd8 26. Bd4 Be6 27. Ra7
Rb8 28. Bxe6 Kxe6 29. Ra1 c5 30. Bc3 b5 31. Bd2 d5 32. Ra7 Bd6 33. exd5+ Kxd5
34. Kf1 b4 35. b3 Re8 36. Ra6 Be5 37. Ke2 c4 38. Kd1 c3 39. Be3 Bg3 40. Ke2 Bf4
41. Ra5+ Kc6 42. Ra6+ Kb5 43. Rb6+ Ka5 44. Rxf6 Rxe3+ 45. Kf2 Re5 46. g4 hxg3+
47. Kf1 Rd5 48. Re6 Rd1+ 49. Kg2 Rd2+ 50. Kf1 g2+ 51. Kg1 Bb8 52. Re7 Bd6 53.
Ra7+ Kb6 54. Ra5 Kxa5 55. h4 Be7 56. Kh2 Bc5 57. Kh3 g1=Q 58. hxg5 Rh2# {
Hossa checkmated} 0-1

[Event "ICS rated blitz match"]
[Site "204.178.125.65"]
[Date "2000.08.28"]
[Round "?"]
[White "Hossa"]
[Black "MissSilicon"]
[Result "1-0"]
[WhiteElo "2515"]
[BlackElo "2731"]
[PlyCount "99"]
[EventDate "2000.??.??"]

1. d4 f5 2. Nf3 e6 3. Bf4 d5 4. e3 Bd6 5. Ne5 Nf6 6. Nd2 O-O 7. Bb5 Nbd7 8. O-O
c6 9. Be2 Qc7 10. Ndf3 Ne4 11. Nxd7 Bxd7 12. Bxd6 Nxd6 13. Ne5 Rad8 14. c3 Nf7
15. f4 Nxe5 16. fxe5 g6 17. Qa4 Qb6 18. Qc2 c5 19. h4 f4 20. b3 fxe3 21. Qd3
cxd4 22. cxd4 Rc8 23. Qxe3 Qb4 24. g4 Rc2 25. a4 Rc3 26. Rxf8+ Kxf8 27. Rf1+
Ke8 28. Qf2 Kd8 29. Qf8+ Qxf8 30. Rxf8+ Ke7 31. Rh8 Rxb3 32. Rxh7+ Kd8 33. Rg7
Re3 34. Kf2 Re4 35. Rxg6 Rxd4 36. Bb5 a6 37. Rg8+ Kc7 38. Bxd7 Kxd7 39. Rg7+
Kc8 40. a5 Rf4+ 41. Kg3 Ra4 42. h5 Ra3+ 43. Kh4 Kb8 44. h6 Ka7 45. h7 Ra1 46.
Kh5 Rh1+ 47. Kg6 Rh4 48. g5 d4 49. Rg8 b6 50. h8=R {MissSilicon resigns} 1-0

[Event "ICS rated blitz match"]
[Site "204.178.125.65"]
[Date "2000.08.28"]
[Round "?"]
[White "MissSilicon"]
[Black "Hossa"]
[Result "1-0"]
[WhiteElo "2706"]
[BlackElo "2540"]
[PlyCount "59"]
[EventDate "2000.??.??"]

1. c4 e5 2. Nc3 Nc6 3. d3 Nf6 4. f4 exf4 5. Bxf4 Bb4 6. e4 d6 7. Nf3 Bg4 8. Be2
O-O 9. O-O Bc5+ 10. Kh1 a6 11. Bg5 Bxf3 12. Rxf3 Nd4 13. Rf1 c6 14. Bh5 Kh8 15.
Rb1 b5 16. b4 Bb6 17. Rb2 a5 18. cxb5 axb4 19. Na4 Bc5 20. e5 Qa5 21. Nxc5 Nxh5
22. Nd7 Qa3 23. Qxh5 Qxb2 24. Nf6 h6 25. Bxh6 Qxg2+ 26. Kxg2 gxf6 27. Bg7+ Kxg7
28. exf6+ Kg8 29. Qg4+ Kh8 30. Qg7# {Hossa checkmated} 1-0

[Event "ICS rated blitz match"]
[Site "204.178.125.65"]
[Date "2000.08.28"]
[Round "?"]
[White "Hossa"]
[Black "MissSilicon"]
[Result "0-1"]
[WhiteElo "2531"]
[BlackElo "2715"]
[PlyCount "128"]
[EventDate "2000.??.??"]

1. d4 f5 2. Nf3 e6 3. Bf4 d5 4. e3 Bd6 5. Ne5 Nf6 6. Nd2 O-O 7. Bb5 Nbd7 8. O-O
c6 9. Be2 Qc7 10. Ndf3 Ne4 11. Nxd7 Bxd7 12. Bxd6 Nxd6 13. Ne5 Rad8 14. c3 Nf7
15. f4 Nxe5 16. fxe5 c5 17. Bd3 Qb6 18. Qe2 c4 19. Bb1 g6 20. Qf2 Rc8 21. a4
Bc6 22. a5 Qb3 23. Ra3 Qb5 24. Ra2 Qb3 25. Qh4 Rf7 26. Qh6 Ba4 27. g4 Qb5 28.
gxf5 exf5 29. Ra1 Kh8 30. a6 bxa6 31. Re1 Qc6 32. Ba2 Rb7 33. Re2 Rcb8 34. Rf1
Qe8 35. Rff2 Bd1 36. Rd2 Qa4 37. Bb1 Bg4 38. Rf1 Qe8 39. Rff2 Bh5 40. Qg5 Qe7
41. Qg3 a5 42. Ba2 a4 43. Rc2 a3 44. bxa3 Bd1 45. Rcd2 Bb3 46. Qf3 Rb5 47. a4
Bxa4 48. Qf4 Qa3 49. Qg5 R5b6 50. Rde2 Qxc3 51. Qh6 Bd1 52. Rd2 Qc1 53. Kg2 c3
54. Rd3 Bc2 55. Rf1 Qxf1+ 56. Kxf1 Bxd3+ 57. Ke1 Rb2 58. Bb3 Re2+ 59. Kf1 Rxh2+
60. Ke1 Re2+ 61. Kf1 c2 62. e4 Rd2+ 63. Ke1 c1=Q+ 64. Bd1 Qxd1# {
Hossa checkmated} 0-1

[Event "ICS rated standard match"]
[Site "204.178.125.65"]
[Date "2000.08.28"]
[Round "?"]
[White "PostModernist"]
[Black "Hossa"]
[Result "1-0"]
[WhiteElo "2429"]
[BlackElo "2263"]
[PlyCount "125"]
[EventDate "2000.??.??"]

1. d4 d5 2. Nf3 e6 3. g3 c5 4. Bg2 cxd4 5. O-O Nf6 6. Nxd4 Be7 7. c4 dxc4 8.
Qa4+ Nbd7 9. Rd1 O-O 10. Qxc4 Nb6 11. Qc2 Nbd5 12. Nc3 Bd7 13. Qb3 Nxc3 14.
bxc3 Qa5 15. Qxb7 Qxc3 16. Bb2 Qc8 17. Qxa8 Qxa8 18. Bxa8 Rxa8 19. Rac1 Ba4 20.
Rd3 g5 21. Nc6 Bxc6 22. Bxf6 Bxf6 23. Rxc6 Bd8 24. Kg2 Bb6 25. f4 g4 26. h3 h5
27. Rd7 Re8 28. e4 Kg7 29. e5 Kg6 30. a4 Rb8 31. Rc3 Re8 32. Rd1 Kg7 33. Rh1
Rd8 34. hxg4 hxg4 35. Rh4 Rd2+ 36. Kf1 f5 37. exf6+ Kxf6 38. Rxg4 Kf7 39. Rg5
Rf2+ 40. Ke1 Ra2 41. Rc4 Rg2 42. Re4 Ra2 43. Kd1 Rg2 44. Re2 Rg1+ 45. Re1 Rg2
46. Rh1 Ke7 47. Rh6 Bd4 48. Rgg6 Rg1+ 49. Ke2 Kf7 50. Rxe6 Rxg3 51. f5 Ra3 52.
Rh7+ Kf8 53. f6 Rg3 54. Rc6 Rc3 55. Rd6 Bb6 56. Rdd7 Re3+ 57. Kd1 Rg3 58. Rb7
Rg1+ 59. Ke2 Kg8 60. f7+ Kxh7 61. f8=Q+ Bc7 62. Rxc7+ Kg6 63. Rg7+ {
Hossa resigns} 1-0

[Event "ICS rated blitz match"]
[Site "204.178.125.65"]
[Date "2000.08.28"]
[Round "?"]
[White "PostModernist"]
[Black "Hossa"]
[Result "1-0"]
[WhiteElo "2673"]
[BlackElo "2523"]
[PlyCount "47"]
[EventDate "2000.??.??"]

1. e4 e5 2. Bc4 f6 3. Nf3 Nc6 4. Nh4 Nh6 5. d4 f5 6. Qh5+ g6 7. Nxg6 Bb4+ 8. c3
Rg8 9. Nxe5+ Ke7 10. Qxh6 Nxe5 11. Qxh7+ Ke8 12. Qxg8+ Bf8 13. dxe5 d5 14. Qg6+
Kd7 15. exd5 Qe7 16. e6+ Kd6 17. Bf4+ Kc5 18. Qxf5 Kxc4 19. a4 Qb4 20. Qe4+ Kb3
21. Nd2+ Kxb2 22. Qb1+ Kxc3 23. Be5+ Qd4 24. Qb3# {Hossa checkmated} 1-0

[Event "ICS rated blitz match"]
[Site "204.178.125.65"]
[Date "2000.08.28"]
[Round "?"]
[White "QueenMaxima"]
[Black "Hossa"]
[Result "1-0"]
[WhiteElo "2647"]
[BlackElo "2514"]
[PlyCount "79"]
[EventDate "2000.??.??"]

1. d4 Nf6 2. Bf4 e6 3. e3 b6 4. Nf3 Bb7 5. Bd3 Be7 6. h3 Nd5 7. Bg3 Nb4 8. O-O
Nxd3 9. cxd3 O-O 10. Nc3 Nc6 11. Rc1 Rc8 12. e4 f5 13. d5 exd5 14. Nxd5 fxe4
15. dxe4 Rf7 16. Qb3 Ba6 17. Nxe7+ Qxe7 18. Rfe1 Kh8 19. Rcd1 Qf6 20. Kh1 Qg6
21. Rd5 d6 22. Qa4 Bb7 23. Rc1 Ne7 24. Rd4 Rxf3 25. gxf3 Qh6 26. Rdc4 Qxh3+ 27.
Kg1 b5 28. Qxb5 Ba8 29. Rxc7 Rf8 30. Rxe7 Rg8 31. Re8 h6 32. Rxg8+ Kxg8 33.
Qe8+ Kh7 34. Qf7 Bd5 35. exd5 Qd7 36. Qxd7 h5 37. Rc7 Kg6 38. Bf4 a5 39. Qf7+
Kh7 40. Qxg7# {Hossa checkmated} 1-0

[Event "ICS rated blitz match"]
[Site "204.178.125.65"]
[Date "2000.08.28"]
[Round "?"]
[White "Hossa"]
[Black "PostModernist"]
[Result "1-0"]
[WhiteElo "2504"]
[BlackElo "2687"]
[PlyCount "97"]
[EventDate "2000.??.??"]

1. e4 c5 2. Nf3 g6 3. d4 cxd4 4. Nxd4 Nc6 5. Nc3 Bg7 6. Be3 Nf6 7. Bc4 O-O 8.
Nxc6 dxc6 9. Qxd8 Rxd8 10. Bc5 Kf8 11. f3 Nd7 12. O-O-O b5 13. Bb3 Bb7 14. Be3
a5 15. a3 Bxc3 16. bxc3 a4 17. Ba2 Ba6 18. Rd2 Ne5 19. Rhd1 Rxd2 20. Rxd2 Kg7
21. Bd4 f6 22. Bxe5 fxe5 23. Rd7 Kf8 24. Rc7 Rd8 25. Rxc6 Rd6 26. Rc7 Rd8 27.
c4 Ra8 28. c5 b4 29. axb4 Bf1 30. Bd5 Rb8 31. c3 Bxg2 32. Ra7 Bxf3 33. Rxa4 e6
34. Ra8 Rxa8 35. Bxa8 Be2 36. Bc6 Ke7 37. b5 Kd8 38. b6 Kc8 39. Kb2 g5 40. Kb3
Bd3 41. c4 h5 42. Ba8 Kb8 43. Bc6 Bb1 44. Bd7 Bxe4 45. c6 Bxc6 46. Bxc6 Kc8 47.
c5 g4 48. Be4 h4 49. c6 1-0

[Event "ICS rated blitz match"]
[Site "204.178.125.65"]
[Date "2000.08.28"]
[Round "?"]
[White "PostModernist"]
[Black "Hossa"]
[Result "1-0"]
[WhiteElo "2663"]
[BlackElo "2528"]
[PlyCount "141"]
[EventDate "2000.??.??"]

1. e4 c5 2. c3 Nf6 3. e5 Nd5 4. d4 cxd4 5. Qxd4 e6 6. Bc4 Nc6 7. Qe4 Nb6 8. Bb3
d5 9. exd6 Bxd6 10. Nf3 Nd7 11. O-O Nc5 12. Qg4 Nxb3 13. axb3 O-O 14. Be3 e5
15. Qe4 Qf6 16. Bg5 Bf5 17. Qxc6 bxc6 18. Bxf6 gxf6 19. Nbd2 Rfd8 20. Rfe1 Bd3
21. g4 h6 22. Ne4 Bxe4 23. Rxe4 Rab8 24. b4 Rd7 25. Nh4 Bf8 26. Nf5 c5 27. bxc5
Rxb2 28. Rb4 Rc2 29. Rb8 Rxc3 30. Rab1 Rcd3 31. c6 Rd1+ 32. Rxd1 Rxd1+ 33. Kg2
Rc1 34. Nxh6+ Kh7 35. Nxf7 Bg7 36. Nd8 Rc4 37. Rb7 Kh6 38. Ne6 Rxg4+ 39. Kf1
Rc4 40. c7 Kg6 41. Nxg7 a5 42. Ne8 Rc1+ 43. Ke2 Rc2+ 44. Kd3 Rc6 45. Ra7 e4+
46. Kd4 e3 47. fxe3 a4 48. Rxa4 Kf7 49. Rc4 Rxc7 50. Rxc7+ Kxe8 51. Ke4 Kf8 52.
Kf5 Ke8 53. Kxf6 Kd8 54. Kg6 Kxc7 55. Kf5 Kd7 56. h4 Kd6 57. e4 Ke7 58. e5 Kd7
59. e6+ Ke7 60. h5 Ke8 61. h6 Ke7 62. h7 Kd6 63. h8=Q Kc7 64. e7 Kd6 65. e8=Q
Kc5 66. Qf7 Kc6 67. Qg6+ Kc7 68. Qgh6 Kd7 69. Qc1 Ke7 70. Qd2 Kf7 71. Qd7# {
Hossa checkmated} 1-0

[Event "ICS rated blitz match"]
[Site "204.178.125.65"]
[Date "2000.08.28"]
[Round "?"]
[White "Hossa"]
[Black "PostModernist"]
[Result "0-1"]
[WhiteElo "2518"]
[BlackElo "2673"]
[PlyCount "222"]
[EventDate "2000.??.??"]

1. e4 e5 2. Bc4 f5 3. d4 Qh4 4. Qe2 Qxe4 5. dxe5 Qxg2 6. Qh5+ g6 7. Qf3 Qg4 8.
Qd5 Ne7 9. Qf7+ Kd8 10. Be2 Qe4 11. Nf3 Nbc6 12. Nc3 Nxe5 13. Qxf8+ Rxf8 14.
Nxe4 Nxf3+ 15. Bxf3 fxe4 16. Bxe4 d5 17. Bg2 Be6 18. Bh6 Re8 19. Kd2 Nf5 20.
Bg5+ Kd7 21. Rhe1 h6 22. Bf4 g5 23. Be5 Rf8 24. Bh3 Rae8 25. Bxf5 Rxf5 26. Re2
g4 27. Rae1 c5 28. b3 b5 29. Kc1 b4 30. Kb1 Rf3 31. Bg3 a5 32. Ka1 h5 33. Kb1
Rf6 34. Bh4 Rf5 35. Re3 c4 36. bxc4 dxc4 37. Rd1+ Rd5 38. Rxd5+ Bxd5 39. Rxe8
Kxe8 40. Bf6 a4 41. Be5 b3 42. Kb2 a3+ 43. Kxa3 bxc2 44. Kb2 Be4 45. Bf4 Kf7
46. Kc3 Bd3 47. a4 Ke6 48. Kd4 Kd7 49. Kc5 Kc8 50. Kb6 Bg6 51. a5 Bd3 52. a6
Be2 53. a7 Bf3 54. Bc1 c3 55. Bf4 Ba8 56. Bh6 h4 57. Bg5 h3 58. Bf4 Be4 59. Bc1
Bf3 60. Bg5 Bh1 61. Bc1 Be4 62. Bg5 Bg2 63. Bf4 Ba8 64. Be3 c1=B 65. Bxc1 c2
66. Bf4 Bg2 67. Bg5 Be4 68. Bd2 Bd5 69. Kc5 Bf3 70. Kb6 Bh1 71. Ka6 Bg2 72. Bc1
Be4 73. Bf4 Bf3 74. Bg5 Ba8 75. Be3 Kc7 76. Bf4+ Kc6 77. Bc1 Kc5 78. Bf4 Kb4
79. Kb6 Kb3 80. Be3 Kb2 81. Bd2 Bf3 82. Kc7 c1=Q+ 83. Bxc1+ Kxc1 84. Kb8 Kd2
85. Kc8 Ke2 86. Kc7 Kxf2 87. Kb8 g3 88. Kc7 gxh2 89. Kc8 h1=Q 90. a8=Q Qc1+ 91.
Kd7 Qc6+ 92. Ke7 Qf6+ 93. Kd7 Qe6+ 94. Kc7 Qc6+ 95. Qxc6 Bxc6 96. Kxc6 h2 97.
Kd6 h1=Q 98. Kd7 Qg2 99. Kd6 Qh3 100. Ke5 Qg4 101. Kd6 Ke3 102. Kc6 Qh5 103.
Kd6 Kd4 104. Kc6 Qf3+ 105. Kd6 Qd5+ 106. Ke7 Ke5 107. Kf8 Qb7 108. Kg8 Qc7 109.
Kh8 Kf6 110. Kg8 Qg3+ 111. Kh8 Qg7# {Hossa checkmated} 0-1

[Event "ICS rated blitz match"]
[Site "204.178.125.65"]
[Date "2000.08.28"]
[Round "?"]
[White "PostModernist"]
[Black "Hossa"]
[Result "1-0"]
[WhiteElo "2682"]
[BlackElo "2509"]
[PlyCount "137"]
[EventDate "2000.??.??"]

1. d4 f5 2. g3 Nf6 3. Nf3 e6 4. Bg2 Be7 5. O-O O-O 6. c4 Nc6 7. Nc3 Ng4 8. d5
Nce5 9. Nxe5 Nxe5 10. Qb3 exd5 11. Bxd5+ Nf7 12. Bg2 c6 13. e3 Bf6 14. e4 Bxc3
15. Qxc3 fxe4 16. Bxe4 d5 17. cxd5 cxd5 18. Rd1 Be6 19. Qc2 h6 20. Bxd5 Bxd5
21. Qc5 Ne5 22. Qxd5+ Qxd5 23. Rxd5 Nf3+ 24. Kh1 Rf7 25. Bf4 g5 26. Be3 Kh7 27.
Kg2 b6 28. h4 Kg6 29. Rd6+ Kg7 30. Rc1 Raf8 31. Rcc6 Kg8 32. Rg6+ Rg7 33. Rxg7+
Kxg7 34. Rc7+ Kg6 35. Rxa7 b5 36. Ra6+ Kg7 37. hxg5 hxg5 38. Rb6 Rf5 39. g4
Nh4+ 40. Kg3 Rf3+ 41. Kh2 Rf6 42. Rxb5 Nf3+ 43. Kg3 Kg6 44. Rf5 Ne1 45. Rxg5+
Kf7 46. Rf5 Rxf5 47. gxf5 Kf6 48. a4 Nd3 49. a5 Nb4 50. Kf4 Kf7 51. Ke4 Na6 52.
b3 Ke8 53. Bd4 Kd7 54. Kd5 Nc7+ 55. Kc5 Na6+ 56. Kb6 Nb4 57. a6 Nd5+ 58. Kc5
Ne7 59. a7 Nxf5 60. a8=Q Nh6 61. Qc6+ Ke7 62. Qxh6 Kd8 63. Qe6 Kc7 64. Be5+ Kd8
65. Bf6+ Kc7 66. Qc6+ Kb8 67. Be5+ Ka7 68. Qc7+ Ka6 69. Qb6# {Hossa checkmated}
1-0

[Event "ICS rated blitz match"]
[Site "204.178.125.65"]
[Date "2000.08.28"]
[Round "?"]
[White "Hossa"]
[Black "PostModernist"]
[Result "1-0"]
[WhiteElo "2500"]
[BlackElo "2691"]
[PlyCount "133"]
[EventDate "2000.??.??"]

1. d4 Nf6 2. c4 e6 3. Nf3 b6 4. Nc3 Bb4 5. Bg5 h6 6. Bf4 Bxc3+ 7. bxc3 Bb7 8.
Nd2 d6 9. e3 Nbd7 10. Bg3 O-O 11. f3 e5 12. Bd3 Qe7 13. Qe2 Rfe8 14. Bf2 e4 15.
fxe4 Nxe4 16. Bxe4 Bxe4 17. Nxe4 Qxe4 18. O-O Nf6 19. Rab1 Qe6 20. Rbc1 c6 21.
Rc2 Ne4 22. Be1 Qg6 23. Bh4 a5 24. Qf3 Qe6 25. Qe2 a4 26. a3 Qg6 27. Qf3 Ng5
28. Qe2 Nh3+ 29. Kh1 Qe4 30. Bg3 Ng5 31. h4 Nh7 32. Rb2 Qxe3 33. Qxe3 Rxe3 34.
Rf3 Rxf3 35. gxf3 Ra6 36. Kg2 g5 37. hxg5 Nxg5 38. Bxd6 b5 39. cxb5 cxb5 40.
Be5 Rc6 41. d5 Rc5 42. Rd2 f5 43. Bf6 Kf7 44. Be5 Ke7 45. Bg7 Nh7 46. Kg3 h5
47. d6+ Kd7 48. Kf4 h4 49. Rh2 Rc4+ 50. Bd4 Nf8 51. Kxf5 Ne6 52. Be5 Nc5 53. f4
Ne4 54. Kg4 Rc8 55. Kxh4 Nxc3 56. Rc2 Nb1 57. Rxc8 Kxc8 58. f5 Kd7 59. Bf4 Nxa3
60. f6 Ke6 61. Kg5 Nc4 62. d7 Kxd7 63. f7 Ke7 64. Kg6 Nd6 65. Bxd6+ Kxd6 66.
Kf6 Kc5 67. Ke5 1-0

[Event "ICS rated blitz match"]
[Site "204.178.125.65"]
[Date "2000.08.28"]
[Round "?"]
[White "PostModernist"]
[Black "Hossa"]
[Result "1-0"]
[WhiteElo "2667"]
[BlackElo "2524"]
[PlyCount "161"]
[EventDate "2000.??.??"]

1. d4 Nf6 2. c4 e6 3. Nf3 b6 4. Bf4 Bb4+ 5. Nbd2 Bb7 6. e3 c5 7. dxc5 bxc5 8.
Be2 d6 9. O-O O-O 10. Nb3 e5 11. Bg3 Ne4 12. a3 Ba5 13. Bh4 f6 14. Bd3 Qb6 15.
Nxa5 Qxa5 16. Bxe4 Bxe4 17. Qxd6 Qb6 18. Rfd1 Qxb2 19. Nd2 Bc6 20. Qxc5 Rd8 21.
Nf3 Rd7 22. Rab1 Qb6 23. Qb4 Be4 24. Rxd7 Nxd7 25. Rd1 Nc5 26. Bg3 Nd3 27. Qc3
Nb2 28. c5 Qb5 29. Rc1 Nd3 30. Qc4+ Qxc4 31. Rxc4 Bc6 32. Rc3 Rb8 33. Nd2 Rd8
34. f3 Nb2 35. Be1 Nd3 36. Bh4 g5 37. Bg3 Nb2 38. Rc2 Nd3 39. h4 Kg7 40. hxg5
fxg5 41. Nc4 Rd5 42. Na5 Ba4 43. e4 Rd8 44. Rd2 Kf6 45. c6 Bb5 46. Nb7 Rd4 47.
c7 Bd7 48. Na5 Nf4 49. Bxf4 gxf4 50. Rxd4 exd4 51. Nc6 d3 52. Kf2 a5 53. Nxa5
Ke7 54. Nc4 Ke6 55. Ke1 h6 56. Kd2 Ke7 57. Nb6 Kd6 58. c8=N+ Bxc8 59. Nxc8+ Ke6
60. Kxd3 Kf7 61. Nd6+ Ke6 62. Nf5 Kd7 63. Kc4 h5 64. Kd5 Kc8 65. Ke5 Kd8 66.
Kxf4 Kd7 67. Kg5 h4 68. Nxh4 Kd6 69. Kf6 Kc5 70. e5 Kc4 71. e6 Kd5 72. e7 Kc6
73. e8=Q+ Kb6 74. a4 Kc7 75. a5 Kb7 76. Qb5+ Kc7 77. a6 Kd6 78. Nf5+ Kc7 79. a7
Kd8 80. a8=Q+ Kc7 81. Qbc6# {Hossa checkmated} 1-0

[Event "ICS rated blitz match"]
[Site "204.178.125.65"]
[Date "2000.08.28"]
[Round "?"]
[White "Hossa"]
[Black "Colorado"]
[Result "0-1"]
[WhiteElo "2514"]
[BlackElo "2607"]
[PlyCount "226"]
[EventDate "2000.??.??"]

1. d4 Nf6 2. c4 e6 3. Nf3 b6 4. Nc3 Bb4 5. Bg5 h6 6. Bf4 O-O 7. a3 Bxc3+ 8.
bxc3 d5 9. cxd5 Nxd5 10. Bd2 Ba6 11. g3 c5 12. Bg2 cxd4 13. cxd4 Nc6 14. Qa4
Na5 15. e4 Ne7 16. Ne5 Rc8 17. Rd1 Re8 18. Rb1 Qc7 19. Rc1 Qb7 20. f4 f6 21.
Ng4 Rxc1+ 22. Bxc1 Qc6 23. Qd1 Bd3 24. Qxd3 Qxc1+ 25. Kf2 Qb2+ 26. Qe2 Qxd4+
27. Ne3 Qc3 28. a4 Rd8 29. Rd1 Nec6 30. Rxd8+ Nxd8 31. Qd1 Nac6 32. Qc2 Qd4 33.
Bh3 Qd7 34. Kg1 Qd4 35. Kf2 Nb4 36. Qd1 Qxd1 37. Nxd1 Kf7 38. f5 exf5 39. exf5
Nb7 40. Nc3 Nc5 41. Bf1 Ke7 42. Bc4 Kd6 43. Bb5 Ke5 44. g4 h5 45. h3 hxg4 46.
hxg4 Kf4 47. Be2 Nbd3+ 48. Kg2 Ke3 49. Kf1 Nf4 50. Bb5 Kf3 51. g5 fxg5 52. Bc6+
Ke3 53. Kg1 Kd3 54. Nb5 Ne2+ 55. Kf2 a5 56. Nd6 Nd4 57. Be8 Ne4+ 58. Nxe4 Kxe4
59. Bd7 Kf4 60. Kg2 g4 61. Kf1 Nxf5 62. Bb5 g3 63. Bc6 g5 64. Kg2 Ne3+ 65. Kg1
g4 66. Ba8 Ke5 67. Bc6 Kd4 68. Bd7 Kc5 69. Bb5 Kd4 70. Bd7 Kd3 71. Bc6 Kc4 72.
Bd7 Kd3 73. Bc6 Kc4 74. Bd7 Kc5 75. Bb5 Kd6 76. Ba6 g2 77. Bb5 Kd5 78. Kf2 Kd4
79. Kg1 Ke4 80. Bc6+ Kd3 81. Kf2 Kc3 82. Bd7 Kb4 83. Bb5 Kc5 84. Kg1 Kd5 85.
Kf2 Kc5 86. Kg1 Kb4 87. Kf2 Kb3 88. Kg1 Kc3 89. Bc6 Kb4 90. Bb5 Kc3 91. Bc6 Kb4
92. Bb5 g3 93. Bc6 Ka3 94. Bb5 Ka2 95. Bd7 Kb3 96. Bc6 Kc4 97. Bf3 Kc5 98. Bc6
Nd5 99. Bb7 b5 100. axb5 a4 101. Kxg2 a3 102. Kxg3 a2 103. Bc6 a1=Q 104. Kh2
Nc7 105. Kh3 Qh8+ 106. Kg2 Kd4 107. b6 Qf6 108. Bf3 Ke3 109. Bg4 Qf2+ 110. Kh1
Qh4+ 111. Kg2 Qxg4+ 112. Kh2 Kf2 113. Kh1 Qg2# {Hossa checkmated} 0-1